000
00255nam a2200109Ia 4500
008
230907s9999||||xx |||||||||||||| ||und||
082
_a
621.433
_b
IND
245
0
_a
Industrial Gas Turbines:
260
_a
CRC Press,
_c
2007
300
_a
602 p.
942
_c
BK
999
_c
598664
_d
598664